Riconosci il Pokémon - Quiz n°1005 - Statistics

Statistiche generali
  • Questo quiz è stato fatto 3 volte
  • Il punteggio medio è 7 su 10
Statistiche sulle risposte
Indizio Risposta % Corretto
Abilità Acquaiuto; Umidità
100%
Tipo Acqua / Terra
100%
Generazione Terza
100%
Altezza 0,70 m
67%
Peso 28,0 kg
67%
Sesso 87.5% ♂, 12.5% ♀
67%
Tasso di allevamento Medio-Lento
67%
Stadio evoluzione Prima evoluzione
67%
Tasso di cattura 45 (11.9%)
33%
Pokémon Marshtomp
33%
Nessun quiz corrispondente trovato
Distribuzione punteggi
Percentuale di utenti per punteggio
Percentile per numero di risposta
I tuoi punteggi nel tempo
Non hai fatto questo quiz